00563nam a2200169Ia 450000500170000000800410001702000150005808200130007310000190008624500490010526000400015430000130019450000700020794200060027795200950028399900150037820250624024840.0240331s9999 xx 000 0 und d a9552000262 bBANa330 aBandara,P.M.N. 0aSri Lanka arthikaya maathakaleena prawanatha aColombobS. Godage & Brothersc1987 a144 p ., aA book on Recent Trends in the Sri Lankan Economy- During 1978-86 cL 001040708LaWERCLbWERCLcSSCd2024-03-31l0o 330 BANp1289r2024-03-31w2024-03-31yL c5223d5223